Normal view
MARC view
- Berti Davide (et al.)
Entry Personal Name
001 - CONTROL NUMBER
- control field: 60371
003 - CONTROL NUMBER IDENTIFIER
- control field:
005 - DATE AND TIME OF LATEST TRANSACTION
- control field: 20231122114826.0
008 - FIXED-LENGTH DATA ELEMENTS
- fixed length control field: 231122|| aca||aabn | a|a d
040 ## - CATALOGING SOURCE
- Original cataloging agency:
- Transcribing agency:
100 ## - HEADING--PERSONAL NAME
- Personal name: Berti Davide (et al.)
670 ## - SOURCE DATA FOUND
- Source citation: Work cat.: ()359923: Berti Davide (et al.), Campo largo, 2023